000 00368 a2200157 4500
001 75527
020 _a9788565063142
040 _cAnchieta - Colégio São Paulo
100 _aMachado,Vanda
240 1 0 _aO menino do corpo reluzente
_lpor
245 1 0 _aO menino do corpo reluzente
300 _a31
362 0 _a2012
650 4 _aLiteratura infantil
942 _cBK
999 _c75527
_d75527